Confessions of an amateur sleuth / Lynn Cahoon.
Available copies
- 0 of 2 copies available at LARL/NWRL Consortium.
Current holds
0 current holds with 2 total copies.
Show Only Available Copies
| Location | Call Number / Copy Notes | Barcode | Shelving Location | Status | Due Date |
|---|---|---|---|---|---|
| Moorhead Public Library | M CAH (Text) | 33500014384473 | New | Checked out | 07/22/2026 |
| Moorhead Public Library | M CAH (Text) | 33500014384481 | New | Checked out | 07/09/2026 |
Record details
- ISBN: 1496752120
- ISBN: 9781496752123
- Physical Description: 248 pages ; 22 cm.
- Edition: First Kensington hardcover edtion.
- Publisher: New York, NY : Kensington Publishing Corp., 2026.
- Copyright: ©2026
Content descriptions
| General Note: | "Kensington Cozies"--Spine. Includes an excerpt from the author's tips and tricks of an amateur sleuth (pages 234-248). |
| Summary, etc.: | "Twenty-something bookseller and sleuth Meg Gates ... Read More |
Search for related items by subject
| Subject: | Women private investigators > Fiction. Authors > Fiction. Food writers > Fiction. Dogs > Fiction. Islands > Fiction. Murder > Investigation > Fiction. Bainbridge Island (Wash.) > Fiction. |
| Genre: | Cozy mysteries. Detective and mystery fiction. |
Search for related items by series
| LDR | 03124cam a2200589 i 4500 | ||
|---|---|---|---|
| 001 | 486069 | ||
| 003 | LARL_NWRL_CONSORTIUM | ||
| 005 | 20260527161909.0 | ||
| 008 | 250808t20262026nyu e 000 1 eng d | ||
| 040 | . | ‡aYDX ‡beng ‡erda ‡erda ‡cYDX ‡dBDX ‡dIG# ‡dOCLCO ‡dOCLCQ ‡dTOH ‡dHQD ‡dOCLCO ‡dHBP ‡dOCLCO ‡dEZG ‡dGL4 ‡dOCLCO ‡dIDW ‡dIY5 ‡dYEP | |
| 020 | . | ‡a1496752120 ‡q(hardcover) : ‡c$27.00 | |
| 020 | . | ‡a9781496752123 ‡q(hardcover) : ‡c$27.00 | |
| 035 | . | ‡a(OCoLC)1531081713 | |
| 082 | 0 | 4. | ‡a813.54 ‡223 |
| 100 | 1 | . | ‡aCahoon, Lynn, ‡eauthor. ‡1https://id.oclc.org/worldcat/entity/E39PCjGB8qHkTFP3PfcdCyMRTd |
| 245 | 1 | 0. | ‡aConfessions of an amateur sleuth / ‡cLynn Cahoon. |
| 250 | . | ‡aFirst Kensington hardcover edtion. | |
| 264 | 1. | ‡aNew York, NY : ‡bKensington Publishing Corp., ‡c2026. | |
| 264 | 4. | ‡c©2026 | |
| 300 | . | ‡a248 pages ; ‡c22 cm. | |
| 336 | . | ‡atext ‡btxt ‡2rdacontent | |
| 337 | . | ‡aunmediated ‡bn ‡2rdamedia | |
| 338 | . | ‡avolume ‡bnc ‡2rdacarrier | |
| 490 | 0 | . | ‡aBainbridge Island ; ‡v2 |
| 500 | . | ‡a"Kensington Cozies"--Spine. | |
| 500 | . | ‡aIncludes an excerpt from the author's tips and tricks of an amateur sleuth (pages 234-248). | |
| 520 | . | ‡a"Twenty-something bookseller and sleuth Meg Gates has a confession: solving crimes may be easier than writing. She's been working on a guide to becoming a detective -- but she's her own worst critic. She needs a how-to in order to write her how-to! At the Bainbridge Island writers' group, she meets freelance food critic Lee Anderson, who invites her to join him for dinner at the Local Crab so he won't be suspected of reviewing the place. Lee is a bit of a crab himself and intends to do a hatchet job on the eatery. Instead, someone does a job on the critic -- he's found dead by the marina. Now Bainbridge's culinary elite are on the suspect list. With help from her beau, Dalton, and the Mystery Crew at Island Books, Meg dons her sleuthing cap to solve the mystery du jour -- before another murder is served cold . . ." -- ‡cAmazon. | |
| 650 | 0. | ‡aWomen private investigators ‡vFiction. ‡0(LARL_NWRL_CONSORTIUM)168047 | |
| 650 | 0. | ‡aAuthors ‡vFiction. ‡0(LARL_NWRL_CONSORTIUM)163244 | |
| 650 | 0. | ‡aFood writers ‡vFiction. ‡0(LARL_NWRL_CONSORTIUM)169475 | |
| 650 | 0. | ‡aDogs ‡vFiction. ‡0(LARL_NWRL_CONSORTIUM)164539 | |
| 650 | 0. | ‡aIslands ‡vFiction. ‡0(LARL_NWRL_CONSORTIUM)165223 | |
| 650 | 0. | ‡aMurder ‡xInvestigation ‡vFiction. ‡0(LARL_NWRL_CONSORTIUM)166203 | |
| 651 | 0. | ‡aBainbridge Island (Wash.) ‡vFiction. | |
| 655 | 7. | ‡aCozy mysteries. ‡2lcgft | |
| 655 | 7. | ‡aDetective and mystery fiction. ‡2lcgft | |
| 936 | . | ‡aBATCHLOAD | |
| 901 | . | ‡a486069 ‡bOCoLC ‡c486069 ‡tbiblio ‡sIngram On-Order | |

Add to basket
Permalink
Disable Highlighting